[Event "SR 2. liga A 2012/2013"]
[Site "?"]
[Date "2012.12.02"]
[Round "24.5"]
[White "Sosovicka, Matej"]
[Black "Mruskovic, Radoslav"]
[Result "0-1"]
[WhiteElo "2001"]
[BlackElo "1977"]
[PlyCount "140"]
[EventDate "2012.??.??"]
[WhiteTeam "DNV A"]
[BlackTeam "Modra B"]

1. e4 d6 2. d4 g6 3. Nc3 Bg7 4. Be3 Nf6 5. Qd2 Nc6 6. f3 a6 7. O-O-O b5 8. Bh6
O-O 9. h4 e5 10. d5 Nd4 11. Bxg7 Kxg7 12. Nce2 Nxe2+ 13. Nxe2 h5 14. g3 Nd7 15.
g4 hxg4 16. fxg4 Nf6 17. Ng3 Nxg4 18. h5 Qf6 19. Be2 Qf4 20. Rdg1 Qxd2+ 21.
Kxd2 Rh8 22. Rh4 Nf6 23. Rf1 g5 24. Rh2 Rh6 25. Rhf2 Bd7 26. Nf5+ Bxf5 27. Rxf5
Nxe4+ 28. Ke3 Nf6 29. Rxg5+ Kf8 30. c4 bxc4 31. Bxc4 Rxh5 32. Rxh5 Nxh5 33. Rh1
Nf6 34. Rh8+ Ng8 35. Ke4 Kg7 36. Rh3 Nh6 37. Rg3+ Kh7 38. Ra3 f5+ 39. Kd3 e4+
40. Ke3 a5 41. Ra4 Ng4+ 42. Kf4 Kg6 43. b4 Ne5 44. Bf1 Rb8 45. bxa5 Rb7 46. a6
Ra7 47. Ra3 Kf6 48. Rb3 Nd3+ 49. Bxd3 exd3 50. Rxd3 Rxa6 51. a3 Ra4+ 52. Ke3
Ke5 53. Rc3 Kxd5 54. Rxc7 Rxa3+ 55. Ke2 Kd4 56. Rf7 Re3+ 57. Kd2 Re5 58. Ra7
Ke4 59. Ke2 d5 60. Ra4+ d4 61. Ra3 f4 62. Rb3 Rh5 63. Rb8 d3+ 64. Ke1 Kf3 65.
Rd8 Ke4 66. Kd2 Rh2+ 67. Ke1 Re2+ 68. Kd1 Ke3 69. Re8+ Kf2 70. Rf8 f3 0-1

[Event "SR 2. liga A 2012/2013"]
[Site "?"]
[Date "2012.12.02"]
[Round "24.6"]
[White "Sustak, Roman"]
[Black "Prikler, Bruno"]
[Result "0-1"]
[WhiteElo "1917"]
[BlackElo "2092"]
[PlyCount "78"]
[EventDate "2012.??.??"]
[WhiteTeam "Modra B"]
[BlackTeam "DNV A"]

1. d4 d6 2. c4 e5 3. Nf3 Nd7 4. e3 Ngf6 5. Nc3 Be7 6. Bd3 O-O 7. O-O c6 8. a3
a5 9. Rb1 Re8 10. b4 Bf8 11. Qc2 Qe7 12. Re1 e4 13. Nxe4 Nxe4 14. Nd2 Ndf6 15.
Nxe4 Nxe4 16. f3 Nf6 17. e4 axb4 18. axb4 h6 19. c5 dxc5 20. bxc5 Be6 21. Rb6
Ra7 22. Qb1 Qd8 23. Be3 Nd7 24. Rxb7 Rxb7 25. Qxb7 Nxc5 26. dxc5 Qxd3 27. Qxc6
Qc3 28. Kf2 Rc8 29. Qb6 Bxc5 30. Bxc5 Rxc5 31. Qd8+ Kh7 32. Rd1 Qe5 33. g3 Rc2+
34. Rd2 Qc5+ 35. Ke2 Bc4+ 36. Kd1 Rc3 37. Qd4 Qa3 38. Ke1 Qc1+ 39. Rd1 Re3+ 0-1

[Event "SR 2. liga A 2012/2013"]
[Site "?"]
[Date "2012.12.02"]
[Round "24.7"]
[White "Macka, Oto"]
[Black "Hlubovic, Michal"]
[Result "0-1"]
[WhiteElo "2027"]
[BlackElo "1834"]
[PlyCount "52"]
[EventDate "2012.??.??"]
[WhiteTeam "DNV A"]
[BlackTeam "Modra B"]

1. e4 d6 2. d4 Nf6 3. Nc3 g6 4. Be3 Bg7 5. Qd2 Ng4 6. Bg5 h6 7. Bh4 O-O 8. h3
Nf6 9. f4 c5 10. d5 Qb6 11. O-O-O Nxe4 12. Qd3 Nxc3 13. bxc3 Qa5 14. Kd2 Bf5
15. Qf3 Nd7 16. Rc1 Nb6 17. g4 Bd7 18. Bxe7 Rfe8 19. Bxd6 Nxd5 20. Be5 Bxe5 21.
fxe5 Rxe5 22. Bc4 Re3 23. Qxe3 Nxe3 24. Kxe3 Qxc3+ 25. Bd3 c4 26. Ne2 Qe5+ 0-1

[Event "SR 2. liga A 2012/2013"]
[Site "?"]
[Date "2012.12.02"]
[Round "24.8"]
[White "Horvath, Marek"]
[Black "Karas, Marek"]
[Result "1/2-1/2"]
[WhiteElo "1830"]
[BlackElo "1951"]
[PlyCount "42"]
[EventDate "2012.??.??"]
[WhiteTeam "Modra B"]
[BlackTeam "DNV A"]

1. Nf3 Nf6 2. b3 d5 3. Bb2 Bf5 4. d3 e6 5. g3 Bd6 6. Bg2 Nbd7 7. Nbd2 O-O 8.
O-O e5 9. c4 c6 10. e4 Be6 11. d4 dxe4 12. Nxe5 Bxe5 13. dxe5 Ng4 14. Nxe4
Ngxe5 15. Qd4 f6 16. Rad1 Nb6 17. Nc5 Qc8 18. Qd6 Re8 19. Rfe1 Nf7 20. Qf4 Bd7
21. h4 a5 1/2-1/2

[Event "SR 2. liga A 2012/2013"]
[Site "?"]
[Date "2012.12.15"]
[Round "25.1"]
[White "Janos, Martin"]
[Black "Rohacek, Miroslav"]
[Result "1/2-1/2"]
[WhiteElo "2230"]
[BlackElo "2308"]
[PlyCount "85"]
[EventDate "2012.??.??"]
[WhiteTeam "DP BA"]
[BlackTeam "KSN"]

1. d4 d5 2. Nf3 c5 3. c3 e6 4. Bf4 Nc6 5. e3 Nf6 6. Nbd2 Bd6 7. Bg3 Bxg3 8.
hxg3 Qd6 9. Bd3 O-O 10. Qe2 e5 11. dxe5 Nxe5 12. Nxe5 Qxe5 13. Nf3 Qe7 14. c4
h6 15. cxd5 Nxd5 16. a3 Be6 17. Rc1 Rac8 18. Bb1 Rfe8 19. Qc2 Nf6 20. Rd1 Bd7
21. O-O Bc6 22. Rfe1 b6 23. Nh4 Be4 24. Qe2 Bxb1 25. Rxb1 c4 26. Rbc1 c3 27.
Rxc3 Rxc3 28. bxc3 Qxa3 29. Qc4 Ne4 30. Qc6 Re6 31. Qc8+ Kh7 32. c4 Rf6 33. Nf3
Qb2 34. Rf1 a5 35. Qe8 Qc2 36. Nd4 Qd3 37. Nc6 Nd6 38. Qd8 Re6 39. Ne7 h5 40.
Qg8+ Kh6 41. Qh8+ Qh7 42. Qf8 Qe4 43. Qh8+ 1/2-1/2

[Event "SR 2. liga A 2012/2013"]
[Site "?"]
[Date "2012.12.15"]
[Round "25.2"]
[White "Machalova, Veronika"]
[Black "Certek, Pavel"]
[Result "0-1"]
[WhiteElo "2211"]
[BlackElo "2315"]
[PlyCount "72"]
[EventDate "2012.??.??"]
[WhiteTeam "KSN"]
[BlackTeam "DP BA"]

1. e4 c5 2. Nf3 Nc6 3. d3 g6 4. g3 Bg7 5. Bg2 Nf6 6. O-O d5 7. Nbd2 O-O 8. Re1
b6 9. Qe2 e6 10. Nf1 Bb7 11. e5 Nd7 12. Bf4 Re8 13. N1d2 Rc8 14. c3 Qe7 15. h4
Qf8 16. Bh3 b5 17. Rac1 a5 18. Bg4 b4 19. Kh2 a4 20. c4 Nb6 21. Bg5 h6 22. Bf4
Red8 23. cxd5 Nxd5 24. Ne4 Nxf4 25. gxf4 Nd4 26. Nxd4 Rxd4 27. Nd6 Rxd6 28.
exd6 Qxd6 29. Kg3 Bd5 30. a3 g5 31. hxg5 hxg5 32. axb4 Qxf4+ 33. Kh3 f5 34.
Rxc5 Rxc5 35. bxc5 fxg4+ 36. Qxg4 Bg2+ 0-1

[Event "SR 2. liga A 2012/2013"]
[Site "?"]
[Date "2012.12.15"]
[Round "25.3"]
[White "Kleman, Miroslav"]
[Black "Kralovic, Andrej"]
[Result "1/2-1/2"]
[WhiteElo "2187"]
[BlackElo "2139"]
[PlyCount "41"]
[EventDate "2012.??.??"]
[WhiteTeam "DP BA"]
[BlackTeam "KSN"]

1. b3 Nf6 2. Bb2 d5 3. Nf3 Bf5 4. e3 e6 5. Be2 h6 6. O-O Nbd7 7. c4 c6 8. d3
Bd6 9. Nbd2 O-O 10. Re1 Bh7 11. Bf1 Re8 12. a3 Bf8 13. b4 a5 14. Bc3 axb4 15.
axb4 Qc7 16. Qb3 e5 17. Rxa8 Rxa8 18. e4 d4 19. Bb2 c5 20. b5 Ra5 21. Rb1
1/2-1/2

[Event "SR 2. liga A 2012/2013"]
[Site "?"]
[Date "2012.12.15"]
[Round "25.4"]
[White "Kimerling, Martin"]
[Black "Janos, Jozef"]
[Result "1/2-1/2"]
[WhiteElo "2027"]
[BlackElo "2152"]
[PlyCount "65"]
[EventDate "2012.??.??"]
[WhiteTeam "KSN"]
[BlackTeam "DP BA"]

1. d4 Nf6 2. c4 g6 3. g3 Bg7 4. Bg2 O-O 5. Nc3 d6 6. Nf3 Nc6 7. O-O e5 8. d5
Ne7 9. e4 Nh5 10. Ne1 a6 11. Nd3 f5 12. f4 fxe4 13. Nxe4 exf4 14. Nxf4 Nxf4 15.
Bxf4 Bf5 16. Qd2 Qd7 17. Rae1 Rae8 18. Ng5 Nc8 19. Ne6 Rf7 20. Nxg7 Rxg7 21.
Bg5 Rf7 22. Rxe8+ Qxe8 23. Re1 Qd7 24. Qe3 b5 25. cxb5 Qxb5 26. Qe8+ Qxe8 27.
Rxe8+ Kg7 28. Bf1 Bd7 29. Rd8 Nb6 30. Bxa6 Nxd5 31. Bc4 Bc6 32. Bd2 Re7 33.
Bxd5 1/2-1/2

[Event "SR 2. liga A 2012/2013"]
[Site "?"]
[Date "2012.12.15"]
[Round "25.5"]
[White "Tepper, Frantisek"]
[Black "Sebo, Viktor"]
[Result "1-0"]
[WhiteElo "2162"]
[BlackElo "2073"]
[PlyCount "63"]
[EventDate "2012.??.??"]
[WhiteTeam "DP BA"]
[BlackTeam "KSN"]

1. e4 d6 2. d4 Nf6 3. Bd3 g6 4. Ne2 Bg7 5. O-O O-O 6. h3 Na6 7. c3 c5 8. a3 Bd7
9. Be3 b5 10. Nd2 c4 11. Bc2 e5 12. Ng3 Ne8 13. f4 Nec7 14. f5 d5 15. Qf3 gxf5
16. Nxf5 Bxf5 17. Qxf5 Qc8 18. Qh5 f5 19. Rxf5 Rxf5 20. exf5 e4 21. Rf1 Ne8 22.
Bg5 Nf6 23. Bxf6 Bxf6 24. Rf4 Qd7 25. Nf1 Qf7 26. Qh6 Nc7 27. Ne3 Ne8 28. Rg4+
Bg7 29. Nxd5 Qxd5 30. f6 Qd7 31. fxg7 Nd6 32. Rh4 1-0

[Event "SR 2. liga A 2012/2013"]
[Site "?"]
[Date "2012.12.15"]
[Round "25.6"]
[White "Sklars, Tomas"]
[Black "Fabry, Robert"]
[Result "1-0"]
[WhiteElo "2003"]
[BlackElo "2165"]
[PlyCount "59"]
[EventDate "2012.??.??"]
[WhiteTeam "KSN"]
[BlackTeam "DP BA"]

1. e4 e5 2. Nf3 Nc6 3. Bc4 Nf6 4. d4 exd4 5. O-O Be7 6. Re1 d6 7. Nxd4 O-O 8.
Nc3 Ne5 9. Be2 c5 10. Nb3 Be6 11. f4 Nc6 12. Bf3 a6 13. Be3 Rc8 14. Nd5 Bxd5
15. exd5 Nb8 16. g4 Ne8 17. g5 f6 18. h4 g6 19. Bd2 Ng7 20. Bg4 f5 21. Bf3 Qd7
22. Kg2 Kf7 23. h5 Rh8 24. Bc3 h6 25. Bxg7 Kxg7 26. Re6 gxh5 27. Qe1 Kf8 28. g6
Re8 29. Bxh5 Kg7 30. Qc3+ 1-0

[Event "SR 2. liga A 2012/2013"]
[Site "?"]
[Date "2012.12.15"]
[Round "25.7"]
[White "Mikulas, Dusan"]
[Black "Sahidi, Samir"]
[Result "1-0"]
[WhiteElo "2102"]
[BlackElo "1674"]
[PlyCount "71"]
[EventDate "2012.??.??"]
[WhiteTeam "DP BA"]
[BlackTeam "KSN"]

1. e4 c5 2. Nf3 Nc6 3. d4 cxd4 4. Nxd4 Nf6 5. Nc3 e6 6. Nxc6 bxc6 7. Bd3 Be7 8.
O-O d5 9. Qf3 Qc7 10. Re1 d4 11. e5 dxc3 12. exf6 Bxf6 13. bxc3 Bxc3 14. Be4
Bxa1 15. Bxc6+ Bd7 16. Bxd7+ Kxd7 17. Rd1+ Kc8 18. Qxa8+ Qb8 19. Qc6+ Qc7 20.
Qe4 Be5 21. Be3 Bxh2+ 22. Kh1 Be5 23. f4 Bf6 24. Rb1 Rd8 25. Rb4 Rd1+ 26. Kh2
Qa5 27. Qc6+ Qc7 28. Qa8+ Kd7 29. Rb7 Re1 30. Qxa7 Qxb7 31. Qxb7+ Ke8 32. Qc6+
Kd8 33. Bb6+ Ke7 34. Qc7+ Kf8 35. Qc8+ Ke7 36. Bc5# 1-0

[Event "SR 2. liga A 2012/2013"]
[Site "?"]
[Date "2012.12.15"]
[Round "25.8"]
[White "Suchansky, Jakub"]
[Black "Kuna, Vladimir"]
[Result "1/2-1/2"]
[WhiteElo "1639"]
[BlackElo "2016"]
[PlyCount "91"]
[EventDate "2012.??.??"]
[WhiteTeam "KSN"]
[BlackTeam "DP BA"]

1. Nf3 d5 2. c4 e6 3. d4 Nf6 4. g3 Be7 5. Bg2 O-O 6. O-O c6 7. Qb3 b6 8. Bf4
Bb7 9. Nc3 dxc4 10. Qxc4 Nd5 11. Nxd5 cxd5 12. Qd3 Nc6 13. a3 Bf6 14. b4 Rc8
15. Rfc1 h6 16. h3 Qd7 17. Rc2 g5 18. Bd2 Nxd4 19. Rxc8 Nxf3+ 20. Qxf3 Bxa1 21.
Rxf8+ Kxf8 22. Bc3 Bxc3 23. Qxc3 d4 24. Qd3 Bxg2 25. Kxg2 Kg7 26. g4 Qc6+ 27.
f3 Qc3 28. Qe4 Qe3 29. Qc2 Qxa3 30. Qc7 Qe3 31. Kf1 Kg6 32. Qc2+ Kf6 33. Qh7
Ke7 34. Qc2 a5 35. Qc7+ Kf8 36. Qxb6 axb4 37. Qxb4+ Kg7 38. Qb2 Qf4 39. Kg2 e5
40. Qa2 Qe3 41. Qc2 Kg8 42. Qc8+ Kg7 43. Qc2 Qc3 44. Qe4 Qc7 45. Qf5 Qd6 46.
Qd3 1/2-1/2

[Event "SR 2. liga A 2012/2013"]
[Site "?"]
[Date "2012.12.15"]
[Round "26.1"]
[White "Ac, Alexander"]
[Black "Hajek, Lukas"]
[Result "1-0"]
[WhiteElo "2071"]
[BlackElo "2155"]
[PlyCount "117"]
[EventDate "2012.??.??"]
[WhiteTeam "DNV B"]
[BlackTeam "Doprastav C"]

1. e4 e6 2. d4 d5 3. e5 c5 4. Nf3 cxd4 5. Nxd4 Nc6 6. Bb5 Bd7 7. Nxc6 bxc6 8.
Bd3 Qc7 9. Bf4 Ne7 10. O-O Ng6 11. Bxg6 hxg6 12. c4 Be7 13. Nc3 f5 14. cxd5
cxd5 15. Rc1 Qb7 16. Qd2 Rh5 17. Ne2 Kf7 18. Rc3 Bb4 19. Rb3 Rb8 20. Qd4 Ba4
21. Rg3 Qa6 22. Rc1 Be7 23. Rc7 Qxe2 24. h3 Qd1+ 25. Qxd1 Bxd1 26. Ra3 Ra8 27.
Be3 Rhh8 28. Bc5 Rhe8 29. Kf1 Kf8 30. Bd6 a5 31. Ke1 Bh5 32. g4 fxg4 33. hxg4
Bxg4 34. Ra4 Bxd6 35. exd6 Bf5 36. b4 axb4 37. d7 Rab8 38. dxe8=Q+ Kxe8 39.
Raa7 b3 40. axb3 Kf8 41. Rf7+ Ke8 42. Rae7+ Kd8 43. Rxg7 Rxb3 44. Ra7 Rb1+ 45.
Kd2 Rb2+ 46. Kc3 Rc2+ 47. Kd4 e5+ 48. Kxe5 Re2+ 49. Kd6 Re8 50. Ra8+ Bc8 51.
Kxd5 Rf8 52. Rxg6 Ke7 53. Ra7+ Kd8 54. Kd6 Re8 55. f4 Rf8 56. Ra8 Rh8 57. f5
Rf8 58. f6 Re8 59. Rxc8+ 1-0

[Event "SR 2. liga A 2012/2013"]
[Site "?"]
[Date "2012.12.15"]
[Round "26.2"]
[White "Danada, Tomas"]
[Black "Szollos, Ondrej"]
[Result "1/2-1/2"]
[WhiteElo "2098"]
[BlackElo "1979"]
[PlyCount "232"]
[EventDate "2012.??.??"]
[WhiteTeam "Doprastav C"]
[BlackTeam "DNV B"]

1. g3 Nf6 2. Bg2 g6 3. b3 Bg7 4. Bb2 O-O 5. Nf3 d6 6. d4 c6 7. O-O Bf5 8. Nbd2
Qc8 9. Re1 Ne4 10. Nh4 Nxd2 11. Nxf5 Qxf5 12. Qxd2 e5 13. e4 Qc8 14. Rad1 Na6
15. dxe5 dxe5 16. Qe2 Qc7 17. Qc4 Rad8 18. Bf1 Qb8 19. Ba3 Rxd1 20. Rxd1 Rd8
21. Rxd8+ Qxd8 22. Qc3 Nb8 23. Be2 h5 24. Kg2 b6 25. Bc4 Qd1 26. Qf3 Qd7 27.
Bb2 b5 28. Be2 a6 29. Qc3 Qd6 30. a4 Nd7 31. Qa5 Qc5 32. Bd3 Qb6 33. Qxb6 Nxb6
34. axb5 axb5 35. Kf3 Nd7 36. Ke2 Bf8 37. f4 Bd6 38. Kf3 Kf8 39. f5 Ke7 40. Bc1
Kf6 41. h4 Kg7 42. Bg5 Nf6 43. Bd2 Ng4 44. fxg6 fxg6 45. Bg5 Nf6 46. Bf1 b4 47.
Bh3 Kf7 48. g4 hxg4+ 49. Bxg4 Bc5 50. Bc8 Be7 51. Bb7 c5 52. Be3 Nh5 53. Bd5+
Kg7 54. Be6 Bd6 55. Bg4 Nf4 56. Bf2 Kh6 57. Bg3 Kg7 58. Ke3 Kf6 59. Be2 Kg7 60.
Kd2 Kf6 61. Bf1 Kg7 62. Ke3 Kf6 63. Kf3 Nh5 64. Bf2 Nf4 65. Kg4 Nh5 66. Be3 Nf4
67. Bd3 Ng2 68. Bg5+ Kg7 69. h5 gxh5+ 70. Kxh5 Nf4+ 71. Kg4 Ne6 72. Be3 Kf6 73.
Kh5 Nf4+ 74. Kg4 Ne6 75. Kg3 Nd4 76. Kf2 Bf8 77. Ke1 Kg6 78. Kd1 Be7 79. Bf1
Bg5 80. Bf2 Kf6 81. Bh3 Ke7 82. Bf1 Kd6 83. Bc4 Be7 84. Kd2 Bd8 85. Be2 Bg5+
86. Kd3 Be7 87. Bd1 Bg5 88. Kc4 Be7 89. Be1 Bg5 90. c3 bxc3 91. Bxc3 Be3 92. b4
cxb4 93. Bxb4+ Ke6 94. Bg4+ Kf6 95. Kd5 Nb3 96. Bd6 Bd4 97. Bc7 Nd2 98. Bd8+
Kg6 99. Ke6 Kh6 100. Kf5 Kg7 101. Bh5 Kh6 102. Bg5+ Kxh5 103. Bxd2 Kh4 104.
Bg5+ Kg3 105. Bf6 Kf3 106. Bxe5 Be3 107. Bc3 Bf4 108. Bf6 Bg3 109. Be5 Bf2 110.
Ba1 Bg3 111. Bb2 Bh2 112. Bc3 Bg3 113. Bd4 Bf4 114. Be5 Be3 115. Bg7 Bf4 116.
Bd4 Bg3 1/2-1/2

[Event "SR 2. liga A 2012/2013"]
[Site "?"]
[Date "2012.12.15"]
[Round "26.3"]
[White "Antala, Jan"]
[Black "Varholakova, Niki"]
[Result "0-1"]
[WhiteElo "1945"]
[BlackElo "2200"]
[PlyCount "118"]
[EventDate "2012.??.??"]
[WhiteTeam "DNV B"]
[BlackTeam "Doprastav C"]

1. e4 d5 2. d4 dxe4 3. Nc3 Nf6 4. f3 exf3 5. Qxf3 Bg4 6. Qf2 e6 7. h3 Bh5 8.
Bd3 Bb4 9. Nge2 Bxe2 10. Qxe2 Nd5 11. Bd2 Qh4+ 12. Qf2 Qxf2+ 13. Kxf2 Be7 14.
a3 Nd7 15. Ne4 N7f6 16. Ng3 h5 17. Rae1 h4 18. Ne2 O-O-O 19. Rhf1 c5 20. c4 Nb6
21. d5 exd5 22. Nf4 Bd6 23. cxd5 Nbxd5 24. Bf5+ Kb8 25. Kg1 Nxf4 26. Bxf4 Bxf4
27. Rxf4 Rd2 28. b4 cxb4 29. Rxb4 Rh5 30. Bg4 a5 31. Rb3 Nxg4 32. Re8+ Kc7 33.
Re7+ Rd7 34. Rxd7+ Kxd7 35. hxg4 Rg5 36. Rxb7+ Kc6 37. Rxf7 Rxg4 38. Rf5 a4 39.
Ra5 Kb6 40. Ra8 h3 41. Kh2 hxg2 42. Kg1 Kb5 43. Ra7 Kc5 44. Ra5+ Kd6 45. Ra6+
Ke5 46. Ra5+ Kf6 47. Ra6+ Kg5 48. Ra5+ Kh4 49. Ra8 g6 50. Rh8+ Kg3 51. Rg8 Kf3
52. Re8 g5 53. Re5 Rg3 54. Ra5 g4 55. Ra8 Rh3 56. Rf8+ Kg3 57. Rf3+ Kh4 58. Rf8
Rxa3 59. Rf5 Kh3 0-1

[Event "SR 2. liga A 2012/2013"]
[Site "?"]
[Date "2012.12.15"]
[Round "26.4"]
[White "Petrik, Stanislav"]
[Black "Stefani, Peter"]
[Result "1-0"]
[WhiteElo "2171"]
[BlackElo "1900"]
[PlyCount "91"]
[EventDate "2012.??.??"]
[WhiteTeam "Doprastav C"]
[BlackTeam "DNV B"]

1. e4 d5 2. exd5 Qxd5 3. Nc3 Qa5 4. d4 Nf6 5. Bc4 Bf5 6. Nge2 e6 7. O-O Be7 8.
Re1 O-O 9. Ng3 Bg6 10. Qe2 c6 11. Bb3 Bd6 12. Bd2 Qc7 13. Rad1 Bxg3 14. hxg3
Bh5 15. Qe5 Qxe5 16. dxe5 Bxd1 17. exf6 Bh5 18. Ne4 Rd8 19. Bc3 g5 20. Nxg5 Nd7
21. Ne4 b6 22. Bc4 Nf8 23. f3 Bg6 24. Kf2 Bxe4 25. Rxe4 b5 26. Bd3 Rd7 27. Ba5
Rc8 28. a3 a6 29. Ke3 c5 30. b3 Rc6 31. f4 Rcd6 32. Bc3 Rd5 33. g4 Ng6 34. g5
Nh4 35. g4 Ng2+ 36. Kf3 Rxd3+ 37. cxd3 Rxd3+ 38. Kxg2 Rxc3 39. f5 c4 40. Rd4 h6
41. g6 Rd3 42. Re4 Rd6 43. bxc4 bxc4 44. Rxc4 fxg6 45. fxg6 Rd8 46. Rc6 1-0

[Event "SR 2. liga A 2012/2013"]
[Site "?"]
[Date "2012.12.15"]
[Round "26.5"]
[White "Jurcak, Marian"]
[Black "Petrik, Karol"]
[Result "1-0"]
[WhiteElo "1872"]
[BlackElo "2091"]
[PlyCount "107"]
[EventDate "2012.??.??"]
[WhiteTeam "DNV B"]
[BlackTeam "Doprastav C"]

1. d4 Nf6 2. c4 c5 3. d5 b5 4. cxb5 a6 5. e3 axb5 6. Bxb5 Qa5+ 7. Nc3 Ne4 8.
Qd3 Nxc3 9. bxc3 g6 10. Ne2 Bg7 11. O-O O-O 12. e4 d6 13. Bg5 Ra7 14. a4 Nd7
15. f4 Nf6 16. h3 e6 17. dxe6 fxe6 18. Bxf6 Bxf6 19. Qxd6 Be7 20. Qd2 Bb7 21.
Qa2 Qb6 22. Qc4 Kg7 23. Rad1 Bc8 24. Rd2 Rd8 25. Rfd1 Rxd2 26. Rxd2 Qc7 27. e5
Qb6 28. Ng3 Bb7 29. Kh2 Bd5 30. Rxd5 exd5 31. Qxd5 Qb7 32. Qe6 Bh4 33. Bc6
Bxg3+ 34. Kxg3 Qf7 35. Qxf7+ Kxf7 36. Kf3 Ke6 37. Ke4 Ra6 38. Bb5 Ra8 39. g4
Rd8 40. a5 Rd1 41. f5+ gxf5+ 42. gxf5+ Ke7 43. a6 Rb1 44. c4 Rd1 45. f6+ Ke6
46. Bc6 Re1+ 47. Kf4 Rf1+ 48. Kg4 Ra1 49. Bd5+ Kd7 50. Bb7 Ke6 51. Bc8+ Kf7 52.
Kf5 Ra4 53. e6+ Kf8 54. Bb7 1-0

[Event "SR 2. liga A 2012/2013"]
[Site "?"]
[Date "2012.12.15"]
[Round "26.6"]
[White "Krajnak, Robert"]
[Black "Durica, Andrej"]
[Result "0-1"]
[WhiteElo "2075"]
[BlackElo "1839"]
[PlyCount "55"]
[EventDate "2012.??.??"]
[WhiteTeam "Doprastav C"]
[BlackTeam "DNV B"]

1. c4 e5 2. Nc3 Nc6 3. d3 f5 4. e3 Nf6 5. Nf3 Bb4 6. Bd2 O-O 7. Be2 Kh8 8. O-O
d5 9. cxd5 Nxd5 10. Qc2 Nxc3 11. bxc3 Bd6 12. Rab1 Rb8 13. c4 b6 14. Bc3 Qe7
15. Nd2 Qh4 16. Qb2 Bd7 17. f4 Rbe8 18. Bf3 Rf6 19. Bd5 Bc5 20. d4 exd4 21.
exd4 Bd6 22. Bxc6 Bxc6 23. d5 Bc5+ 24. Bd4 Bxd4+ 25. Qxd4 Ba4 26. Rbd1 Re4 27.
Nf3 Qh6 28. Qxe4 0-1

[Event "SR 2. liga A 2012/2013"]
[Site "?"]
[Date "2012.12.15"]
[Round "26.7"]
[White "Galan, Anton"]
[Black "Habrovsky, Richard"]
[Result "0-1"]
[WhiteElo "1809"]
[BlackElo "1970"]
[PlyCount "76"]
[EventDate "2012.??.??"]
[WhiteTeam "DNV B"]
[BlackTeam "Doprastav C"]

1. e4 c5 2. Nf3 Nc6 3. d4 cxd4 4. Nxd4 e5 5. Nb5 d6 6. Be3 a6 7. N5c3 Nf6 8. f3
Be7 9. Nd2 b5 10. Nb3 Be6 11. Nd5 Bxd5 12. exd5 Na5 13. Qd2 Nc4 14. Bxc4 bxc4
15. Na5 c3 16. Qxc3 Rc8 17. Qd2 O-O 18. Nc6 Qc7 19. Nxe7+ Qxe7 20. h3 Qb7 21.
c3 Nxd5 22. Bf2 Nf4 23. O-O d5 24. Rad1 Rfd8 25. Be3 Ne6 26. Qf2 Qb5 27. f4
exf4 28. Bxf4 Rd7 29. Be5 f6 30. Bg3 Nc5 31. Qf5 Ne4 32. Bf2 Re8 33. a4 Qb7 34.
Rb1 Re5 35. Qg4 Nd2 36. Bd4 Rg5 37. Qe6+ Rf7 38. Be3 Re5 0-1

[Event "SR 2. liga A 2012/2013"]
[Site "?"]
[Date "2012.12.15"]
[Round "26.8"]
[White "Goga, Frantisek"]
[Black "Juhas, Jan"]
[Result "1/2-1/2"]
[WhiteElo "1944"]
[BlackElo "1782"]
[PlyCount "142"]
[EventDate "2012.??.??"]
[WhiteTeam "Doprastav C"]
[BlackTeam "DNV B"]

1. e4 e5 2. Nf3 Nc6 3. d4 exd4 4. Bc4 Bb4+ 5. c3 dxc3 6. Nxc3 d6 7. O-O Bxc3 8.
bxc3 Nf6 9. e5 dxe5 10. Ba3 Qxd1 11. Raxd1 Bg4 12. Nxe5 Nxe5 13. Rde1 Nfd7 14.
f4 O-O-O 15. fxe5 Be6 16. Bxe6 fxe6 17. Rf7 Rhg8 18. c4 h6 19. h3 c5 20. Bb2
Nb6 21. Ba3 Nxc4 22. Bxc5 b6 23. Rc1 bxc5 24. Rxc4 Rd7 25. Rxc5+ Kd8 26. Rxd7+
Kxd7 27. Ra5 Ra8 28. Ra6 Ke7 29. Kf2 Kf7 30. Ke3 Ke7 31. Ke4 g6 32. h4 Kf7 33.
Rc6 a5 34. Rc7+ Kg8 35. Re7 Ra6 36. Rd7 Ra8 37. Kd4 Rc8 38. Ra7 Rd8+ 39. Ke4
Rd5 40. Re7 Rd2 41. g3 Rxa2 42. Rxe6 Kf7 43. Rf6+ Kg7 44. Rf3 a4 45. e6 Re2+
46. Kd5 Rd2+ 47. Ke5 Re2+ 48. Kd6 Rd2+ 49. Ke7 Rd1 50. Rf7+ Kg8 51. Rf8+ Kg7
52. Ra8 Rd4 53. Ra6 Rb4 54. Ra7 Rd4 55. Ke8+ Kg8 56. e7 Kg7 57. Rd7 Rb4 58. Ra7
Rb8+ 59. Kd7 Kf7 60. Kc7 Re8 61. Kd6 a3 62. Rxa3 Rxe7 63. Rf3+ Ke8 64. Rf6 Rd7+
65. Ke5 Re7+ 66. Re6 Kf7 67. Rxe7+ Kxe7 68. g4 Kf7 69. h5 gxh5 70. gxh5 Ke7 71.
Kf5 Kf7 1/2-1/2

[Event "SR 2. liga A 2012/2013"]
[Site "?"]
[Date "2012.12.15"]
[Round "27.1"]
[White "Sipos, Istvan"]
[Black "Peitl, Tomas"]
[Result "1-0"]
[WhiteElo "2459"]
[BlackElo "2220"]
[PlyCount "79"]
[EventDate "2012.??.??"]
[WhiteTeam "Gabcikovo"]
[BlackTeam "DNV A"]

1. c4 e5 2. Nc3 Nc6 3. Nf3 g6 4. d4 exd4 5. Nxd4 Bg7 6. Nxc6 bxc6 7. g3 Ne7 8.
Bg2 O-O 9. O-O d6 10. Qa4 Bd7 11. c5 d5 12. Rd1 d4 13. Ne4 Nd5 14. Rxd4 Bxd4
15. Qxd4 f6 16. b3 Qe7 17. Bb2 Rad8 18. Re1 Bf5 19. Qc4 Kg7 20. e3 Rfe8 21. Ng5
h6 22. Nf3 Be4 23. Nd4 Bxg2 24. Kxg2 Qe4+ 25. Kg1 Rb8 26. a3 Re5 27. f3 Nxe3
28. Qc3 Nd5 29. Rxe4 Nxc3 30. Bxc3 Rxe4 31. fxe4 Re8 32. Nxc6 Rxe4 33. Kf2 a6
34. Nb4 Re6 35. Nd5 Rc6 36. b4 Kf7 37. Kf3 f5 38. Bd4 g5 39. a4 Ke6 40. Ne3 1-0

[Event "SR 2. liga A 2012/2013"]
[Site "?"]
[Date "2012.12.15"]
[Round "27.2"]
[White "Oprea, Erik"]
[Black "Janko, Michal"]
[Result "0-1"]
[WhiteElo "2125"]
[BlackElo "2294"]
[PlyCount "116"]
[EventDate "2012.??.??"]
[WhiteTeam "DNV A"]
[BlackTeam "Gabcikovo"]

1. d4 f5 2. g3 Nf6 3. Bg2 e6 4. c4 c6 5. Nc3 d5 6. cxd5 exd5 7. Nf3 Bd6 8. Bf4
Bxf4 9. gxf4 O-O 10. Ne5 Ne4 11. Bxe4 fxe4 12. e3 Qh4 13. Qe2 Nd7 14. Nxd7 Bxd7
15. h3 Bxh3 16. O-O-O Qg4 17. Qd2 Qd7 18. Rdg1 Bf5 19. Rg5 Rf6 20. Ne2 h6 21.
Rgh5 Raf8 22. Ng3 b6 23. Kb1 Bg4 24. R5h2 Qe7 25. Nh5 Bxh5 26. Rxh5 Rf5 27.
R5h2 R8f6 28. Rg2 Kh7 29. Rhg1 Rf7 30. Qd1 c5 31. Rg6 c4 32. Qg4 R5f6 33. f5
Qd7 34. Qg3 Kh8 35. Qb8+ Rf8 36. Qg3 Rxg6 37. fxg6 Qf5 38. Rh1 Kg8 39. Qd6 Rf6
40. Qd8+ Rf8 41. Qd6 Re8 42. a3 Qe6 43. Qg3 Qc6 44. Rh5 c3 45. bxc3 Qxc3 46.
Qf4 Qb3+ 47. Ka1 Qxa3+ 48. Kb1 Qb4+ 49. Ka1 Qa4+ 50. Kb1 Qd7 51. f3 Rf8 52. Qe5
exf3 53. Rh1 f2 54. Rf1 Qb5+ 55. Ka2 Qxf1 56. Qe6+ Kh8 57. Qf7 Rxf7 58. gxf7
Qc4+ 0-1

[Event "SR 2. liga A 2012/2013"]
[Site "?"]
[Date "2012.12.15"]
[Round "27.3"]
[White "Janko, Ladislav"]
[Black "Hricak, Vasil"]
[Result "1/2-1/2"]
[WhiteElo "2212"]
[BlackElo "2124"]
[PlyCount "140"]
[EventDate "2012.??.??"]
[WhiteTeam "Gabcikovo"]
[BlackTeam "DNV A"]

1. e4 d6 2. d4 Nf6 3. Nc3 e5 4. dxe5 dxe5 5. Qxd8+ Kxd8 6. Bc4 Be6 7. Bxe6 fxe6
8. Bg5 Bd6 9. Nge2 Ke7 10. O-O h6 11. Bxf6+ gxf6 12. f4 exf4 13. Nxf4 Rg8 14.
Nb5 Nd7 15. Nd4 Bxf4 16. Rxf4 a6 17. Re1 Ne5 18. Nf3 Nxf3+ 19. Rxf3 Rad8 20.
Rd3 c5 21. Re2 Rd4 22. Kf2 Rxd3 23. cxd3 Kd6 24. Ke3 Ke5 25. Rc2 Kd6 26. g3 b6
27. Rc4 a5 28. d4 cxd4+ 29. Rxd4+ Ke7 30. Rd2 Rc8 31. g4 Rc5 32. h3 Rc1 33. Rd3
Rc2 34. Rb3 Rc6 35. Kf4 Kf7 36. e5 Kg6 37. exf6 Kxf6 38. Rb5 Rc4+ 39. Ke3 Rc6
40. Kd4 Rd6+ 41. Ke4 Rc6 42. Rb3 Rc4+ 43. Kf3 Rc6 44. Rb5 Rd6 45. h4 e5 46. Ke3
Ke6 47. Rb3 Kf6 48. Rc3 Ke6 49. b3 Kf6 50. Rc4 Ke6 51. Ke4 Kf6 52. a3 Ke6 53.
Rc3 Rd4+ 54. Kf3 Rd6 55. Kg3 Kf6 56. b4 axb4 57. axb4 Kg7 58. Rc4 Rd3+ 59. Kf2
Rd6 60. Ke3 b5 61. Rc7+ Kf6 62. h5 Rd4 63. Rc6+ Kg7 64. Rg6+ Kh7 65. Re6 Rxg4
66. Rxe5 Rxb4 67. Re7+ Kg8 68. Rb7 Kf8 69. Kd3 Kg8 70. Kc3 Rg4 1/2-1/2

[Event "SR 2. liga A 2012/2013"]
[Site "?"]
[Date "2012.12.15"]
[Round "27.4"]
[White "Sosovicka, Juraj"]
[Black "Dvorsky, Jozef"]
[Result "1-0"]
[WhiteElo "2089"]
[BlackElo "2020"]
[PlyCount "45"]
[EventDate "2012.??.??"]
[WhiteTeam "DNV A"]
[BlackTeam "Gabcikovo"]

1. e4 c5 2. Nf3 Nc6 3. d4 cxd4 4. Nxd4 e5 5. Nb5 a6 6. Nd6+ Bxd6 7. Qxd6 Qf6 8.
Qc7 Qg6 9. Nc3 Nge7 10. Be3 O-O 11. O-O-O b5 12. h4 f6 13. g3 Rb8 14. Bc5 Rb7
15. Qd6 Re8 16. a4 b4 17. Bc4+ Kh8 18. h5 Qh6+ 19. Be3 g5 20. hxg6 Qxg6 21. Rh6
Qxh6 22. Bxh6 bxc3 23. Qxf6# 1-0